Glow child: and other poems selected and with introduction

Saved in:
Bibliographic Details
Main Author: DEE, Ruby
Format: Book
Language:English
Published: Third Press 1972.
Tags: Add Tag
No Tags, Be the first to tag this record!

MARC

LEADER 00000nam a22000007a 4500
008 201217b ||||| |||| 00| 0 eng d
100 |a DEE, Ruby, 
245 |a Glow child:  |b and other poems selected and with introduction  |c  Ruby Dee 
260 |b Third Press  |c 1972.   |d Books  |h  New York  |i 176216  |l PS591 .N4D36  |m Negro children’s writings 
942 |a lcc  |c BK  |e j o ifatola  |f  17/ 12/ 2020 
952 |0 0  |1 0  |2 ddc  |4 0  |6 PS_591_000000000000000__N4D36  |7 0  |9 710  |a HOL  |b HOL  |c LP  |d 2020-12-17  |l 0  |o PS591 .N4D36  |p 2020-229934  |r 2020-12-17 00:00:00  |w 2020-12-17  |y BK 
999 |c 404  |d 404